Photos des années 1940 - Statistiques

Statistiques générales
  • Ce quiz a été pris 30 fois
  • Le résultat moyen est 5 sur 10
Statistiques - réponses
Hint Réponse % Correct
1944
Débarquement de Normandie le 6 juin
73%
1941
Attaque de Pearl Harbor le 7 décembre
73%
1948
Blocus de Berlin le 24 juin
50%
1949
- création de l'OTAN
- création du premier ordinateur
- la première bombe atomique soviétique, la RDS-1 , est fabriquée
- Mao Zedong proclamant la fondation de la République populaire de Chine
50%
1943
Un enfant du Ghetto de Varsovie
50%
1940
Hitler devant la tour Eiffel le 23 juin
50%
1947
Plan Marshall le 5 juin
46%
1945
Création de l'ONU le 24 octobre
42%
1942
L'armée allemande a Stalingrad
42%
1946
Découverte des manuscrits de la mer Morte
19%
Aucun quiz correspondant
Distribution des résultats
% des personnes avec chaque résultat
Percentile par nombre de réponses
Votre historique - résultats
Vous n’avez pas pris ce quiz